|
|
|
|
| LEADER |
01422nam a2200337 a 4500 |
| 001 |
13136384 |
| 008 |
090519s2000 onca b f100 0 eng d |
| 010 |
|
|
|a \\2003427128
|
| 020 |
|
|
|a 1894217136
|
| 040 |
|
|
|a DLC
|c DLC
|d DLC
|
| 082 |
0 |
0 |
|a 612.3/924
|2 21
|
| 245 |
0 |
0 |
|a Zinc and human health :
|b results of recent trials and implications for program interventions and research /
|c edited by Kenneth H. Brown and Sara E. Wuehler.
|
| 260 |
|
|
|a Ottawa :
|b Micronutrient Initiative,
|c c2000.
|
| 300 |
|
|
|a xi, 68 p. :
|b ill. ;
|c 25 cm.
|
| 504 |
|
|
|a Includes bibliographical references (p. 59-68).
|
| 550 |
|
|
|a Published in association with the International Development Research Centre.
|
| 541 |
1 |
|
|e 00011547
|
| 650 |
|
0 |
|a Zinc deficiency diseases.
|
| 650 |
|
0 |
|a Zinc in the body.
|
| 650 |
|
0 |
|a Zinc
|x Therapeutic use.
|
| 650 |
1 |
2 |
|a Zinc
|x administration & dosage.
|
| 650 |
1 |
2 |
|a Zinc
|x deficiency.
|
| 650 |
2 |
2 |
|a Controlled Clinical Trials.
|
| 650 |
2 |
2 |
|a Dietary Supplements.
|
| 700 |
1 |
|
|a Brown, Kenneth H.,
|d 1947-
|
| 700 |
1 |
|
|a Wuehler, Sara E.
|
| 710 |
2 |
|
|a Micronutrient Initiative.
|
| 710 |
2 |
|
|a International Development Research Centre (Canada)
|
| 852 |
4 |
|
|a Ayesha Abed Library
|j Generalshelf
|
| 999 |
|
|
|c 878
|d 878
|
| 952 |
|
|
|0 0
|1 0
|2 ddc
|4 0
|6 612_392400000000000_ZIN_2000
|7 0
|9 817
|a BRACUL
|b BRACUL
|c GEN
|d 2009-05-19
|g 0.00
|l 0
|o 612.3924 ZIN
|p 3010011547
|r 2009-05-19
|t 1
|w 2009-05-19
|y BK
|x No price found in the accession register.
|